Novedades de farmacología y terapéutica, 1960-[61] / (Record no. 185817)

MARC details
000 -LEADER
campo de control de longitud fija 00749nam a2200217 i 4500
001 - NÚMERO DE CONTROL
campo de control 185817
003 - IDENTIFICADOR DE NÚMERO DE CONTROL
campo de control ES-MaACL
005 - FECHA Y HORA DE LA ÚLTIMA TRANSACCIÓN
campo de control 20230906222526.0
008 - DATOS DE LONGITUD FIJA--INFORMACIÓN GENERAL
campo de control de longitud fija 160812m19611962sp |||| | spa d
100 0# - ENTRADA PRINCIPAL--NOMBRE DE PERSONA
Nombre de persona Cestari, Aldo.
9 (RLIN) 37696
245 10 - MENCIÓN DEL TÍTULO
Título Novedades de farmacología y terapéutica, 1960-[61] /
Mención de responsabilidad, etc. Aldo Cesari ; [versión... de... J. Esteban-Altirriba].
260 ## - PUBLICACIÓN, DISTRIBUCIÓN, ETC.
Lugar de publicación, distribución, etc. Barcelona :
Nombre del editor, distribuidor, etc. A. Estrada, [1961-1962]
300 ## - DESCRIPCIÓN FÍSICA
Extensión 2 v. :
Otras características físicas il. ;
Dimensiones 18 cm.
490 1# - MENCIÓN DE SERIE
Mención de serie Colección Monográfica "Zambon" ;
Designación de volumen o secuencia 1-2
650 04 - PUNTO DE ACCESO ADICIONAL DE MATERIA--TÉRMINO DE MATERIA
Término de materia o nombre geográfico como elemento de entrada Farmacología.
9 (RLIN) 12725
650 04 - PUNTO DE ACCESO ADICIONAL DE MATERIA--TÉRMINO DE MATERIA
Término de materia o nombre geográfico como elemento de entrada Medicamentos.
9 (RLIN) 14884
700 0# - ENTRADA AGREGADA--NOMBRE PERSONAL
Nombre de persona Esteban-Altirriba, J.
9 (RLIN) 48040
830 0# - PUNTO DE ACCESO ADICIONAL DE SERIE-TÍTULO UNIFORME
Título uniforme Colección Monográfica "Zambon" ;
Designación de volumen o secuencia 1-2
9 (RLIN) 192411
852 ## - LOCALIZACIÓN
Ubicación ES-MaACL
Número de control de estantería P-676 bis
Holdings
Estatus retirado Estado de pérdida Estado de daño No para préstamo Biblioteca de origen Biblioteca actual Ubicación en estantería Fecha de adquisición Fuente de adquisición Total de préstamos Signatura topográfica completa Código de barras Visto por última vez Precio de reemplazo Tipo de ítem Koha
        Biblioteca del Ateneo de Madrid Biblioteca del Ateneo de Madrid Depósito 2 12/08/2016     P-676 bis 1195876 23/02/2023 23/02/2023 Libro impreso